000 00583nam a2200193Ia 4500
001 1947
003 GE_BSU
008 181216s||||||||xx |||||||||||||| ||und||
040 _cGE_BSU
080 _a326.054(035)
100 _aУридия, Георгий Метревели, Лела
245 _aСправочник для вынужденно перемещенных лиц
260 _aТб
260 _c1999
300 _a112стр. 20 см.
541 _h5л.
653 _aСправочник для вынужденно перемещенных лиц
942 _cBK
999 _c36047
_d36047